00912nam a2200193 a 450000500170000000800410001702000180005805000170007610000280009324500310012126000460015250000510019852002980024965000130054765000150056065000280057599900190060395200960062220140414131937.0110124s19uu xx 00 eng d a9780316032551 aTRbM46 2007 aMeyer, Stephenie, 1973- aEclipse/cStephenie Meyer. aNew York :bLittle, Brown and Co.,c2007. a *Strictly for G7 students and above use only. aBella must choose between her friendship with Jacob, a werewolf, and her relationship with Edward, a vampire, but when Seattle is ravaged by a mysterious string of killings, the three of them need to decide whether their personal lives are more important than the well-being of an entire city. aVampires aWerewolves aInterpersonal relations c112495d112495 001040aMUbMUcTRd2011-01-24l0oTR M46 2007pM3805r2014-04-14 00:00:00w2014-04-14yBK